000
00330pab a2200145 454500
008
180718b1988 xxu||||| |||| 00| 0 eng d
100
_a
Kuchta, William J.
245
_a
Options in career paths
260
_c
1988
300
_a
28-32
362
_a
Dec.
650
_a
Career Service
773
_a
Personnel Journal
909
_a
5151
999
_c
5151
_d
5151